header

Adorned in dreams (Record no. 29100)

MARC details
000 -LEADER
fixed length control field 01148nam a2200301 a 4500
100 1# - MAIN ENTRY--AUTHOR NAME
Personal name Wilson, Elizabeth.
245 10 - TITLE STATEMENT
Title Adorned in dreams
250 ## - EDITION STATEMENT
Edition statement [Rev. and updated ed.].
260 ## - PUBLICATION, DISTRIBUTION, ETC. (IMPRINT)
Place of publication London :
Name of publisher I.B. Tauris,
Year of publication 2003.
300 ## - PHYSICAL DESCRIPTION
Number of Pages xi, 328 p. :
Other physical details ill.
500 ## - GENERAL NOTE
General note First published in 1985.
650 #0 - SUBJECT ADDED ENTRY--TOPICAL TERM
Topical Term Clothing and dress
856 40 - ELECTRONIC LOCATION AND ACCESS
Uniform Resource Identifier http://site.ebrary.com/lib/rucke/Doc?id=10717705

No items available.

© 2026 Rongo University
Contact us: librarian | system librarian | Rongo university